000
00244nam a2200109Ia 4500
008
220216s9999 xx 000 0 und d
245
0
_a
Covid shockil rubber
260
_b
Karshakasree
_c
2020
300
_a
58-60
650
_a
Rubber
942
_c
JS
999
_c
56485
_d
56485